000 01008nam a2200277 i 4500
001 76976
003 ES-MaACL
005 20250828062535.0
007 t|
008 041006s1973 sp ||||1| spa d
020 _a84-229-0123-4
100 1 _aGusdorf, Georges.
_961014
245 1 1 _a¿Para qué los profesores? /
_cGeorges Gusdorf ; [traducción de Carlos Rodríguez Sanz y Mª Luisa León Temblador].
260 _aMadrid :
_bCuadernos para el Diálogo,
_c1973.
300 _a301 p. ;
_c18 cm.
490 1 _aDivulgación universitaria. Ciencias sociales ;
_v23
650 0 7 _aPedagogía
_2embne
_915904
650 7 _aEducación
_2embne
_912073
650 4 _aProfesores-
_xFormación profesional.
_916460
700 1 _aRodríguez Sanz, Carlos.
_998812
700 1 _aLeón Temblador, Mª Luisa.
_971647
710 2 _aCuadernos para el Diálogo.
_93333
830 1 0 _aDivulgación universitaria.
_pCiencias sociales
_v23
_9231326
852 _aES-MaACL
_jC-55743
999 _c76976
_d76976